Statistics for Newsies Character Quiz!

Click here to take the quiz!

General Stats

  • This quiz has been taken 499 times
  • The average score is 9 of 11

Answer Stats

HintAnswer% Correct
Main CharacterJack
99%
Main Character's Best Friend (has crutch)Crutchie
97%
The poor GUYS head is spinning!Davey
89%
(Character above)'s younger brotherLes
89%
Reporter who helps to release the Newsies storyKatherine
83%
King of BrooklynSpot
83%
Runs 'The World' and raised papes pricesPulitzer
81%
When yer famous, the woild is yer erster!Racetrack
68%
One of the brothers who beats up the newsiesOscar
64%
Other brother who beats up the newsiesMorris
62%
Captures (main character's best friend)Snider
40%

Score Distribution

Percentile by Number Answered

Percent of People with Each Score

Your Score History

You have not taken this quiz